Total project management
| Main Author: | |
|---|---|
| Other Authors: | |
| Format: | Book |
| Published: |
Hants :
Gower ,
1983
|
| Subjects: |
MARC
| LEADER | 00000cam a2200000 7i4500 | ||
|---|---|---|---|
| 001 | 0000004245 | ||
| 005 | 20150702.0 | ||
| 020 | |a 0566024276 | ||
| 040 | |a INS | ||
| 090 | 0 | 0 | |a HD69. |b P75 1983 |
| 100 | 1 | |a Stallworthy, E.A. | |
| 245 | 1 | 0 | |a Total project management |c E.A. Stallworthy and O.P. Kharbanda |
| 260 | |a Hants : |b Gower , |c 1983 | ||
| 300 | |a xxii,329p : |b ill ; |c 22cm. | ||
| 650 | 0 | 0 | |a Industrial project management |
| 700 | 1 | |a Kharbanda, O.P. | |
| 999 | |a 0000000076 |b BOOK |c Open Shelf |e Default branch | ||
| 999 | |a 0000022040 |b BOOK |c Open Shelf |e Default branch | ||